Kupónová privatizácia Informačná príručka

Bibliographic Details
Other Authors: Kolář, Miloslav (Illustrator)
Format: Book
Language:Slovak
PhysicalDescription:32 s. Tb. Sch. 20 cm
Published: Bratislava S.l. ŠEVT , Federálne minist. financií [vyd.] 1991
ISBN:8090093000
Edition:1. vyd.
Subjects:

MARC

LEADER 00000nam a2200000 a 4500
001 vtls001066847
003 SK-MaSNL
005 20260301061912.0
008 250414s1991 xo 000 0 slo
015 |a SNBA1992/02 
020 |a 8090093000 
035 |a SNK000009677 
035 |a urn:nbn:sk:snk-amjast 
035 |a urn:nbn:sk:snk-am002xy7 
035 |a B74A4D3A-4622-4347-AC20-F87BB229761D 
040 |a SNK  |b slo  |c SNK  |e AACR2 
041 0 |a slo 
044 |a xo  |c SK 
080 |a 347.232(035)  |2 1981 
245 0 0 |a Kupónová privatizácia  |b Informačná príručka  |c [ obálka Miloslav Kolář] 
250 |a 1. vyd. 
260 |a Bratislava  |b ŠEVT  |a S.l.  |b , Federálne minist. financií [vyd.]  |c 1991  |e Žilina  |f Danubiaprint 
300 |a 32 s.  |b Tb. Sch.  |c 20 cm 
366 |e 50000 výt. 
655 7 |a príručky  |2 SNK  |9 74364 
700 1 |a Kolář, Miloslav  |4 ill  |9 375637 
852 |a Slovenská národná knižnica 
919 |a 80-900930-0-0 
958 |a OND 
958 |a TL 
999 |c 618713  |d 620643 
952 |t P60, <04>, [BOOK], {604}  |a SNK  |b SNK  |y VYP  |7 0  |p 17A0323625  |o snkSC 80683 D1  |i snkKSP 327/92  |0 0  |1 0  |4 0  |d 2001-12-14  |f 1  |l 0  |r 2005-01-01 00:00:00  |w 2026-02-23 
952 |a SNK  |b SNK  |y PREZ  |7 0  |p 17A0994274  |o snkSC 80683  |0 0  |1 0  |4 0  |d 2012-08-13  |l 0  |r 2025-08-12 00:00:00  |w 2026-02-23